000 00614cam a22002052 4500
001 0000004611
005 20151217145818.0
008 070525s xx 000 0 eng d
020 _a0674896661 :
_cKES 400
040 _aKABU
_cKABU
050 0 _aQH331
_b.M39
100 1 _aMayr, Ernst.
_@0000155212
245 1 0 _aToward a new philosophy of biology :
_bobservations of an evolutionist.
260 _aCambridge, Mass. :
_bHarvard Univ. Press,
_c1988.
300 _a565 p.
650 0 _aBiology
_xPhilosophy.
_@0000155255
908 _a070525
950 _@1
999 _c2815
_d2815